000
00251nam a2200097Ia 4500
001
707598
005
20250826162511.0
008
250824s9999 xx 000 0 und d
245
0
_a
SEYAHATNAMEDEN SEÇMELER
_c
EVLİYA ÇELEBİ
260
_b
TİMAŞ YAYINLARI
999
_c
707598
_d
707598